Em nome do corpo /

সংরক্ষণ করুন:
গ্রন্থ-পঞ্জীর বিবরন
প্রধান লেখক: Villaca, Nízia
অন্যান্য লেখক: Góes, Fred
বিন্যাস: গ্রন্থ
ভাষা:Portuguese
প্রকাশিত: Rio de Janeiro: Rocco, 1998.
মালা:Artemídia
বিষয়গুলি:
ট্যাগগুলো: ট্যাগ যুক্ত করুন
কোনো ট্যাগ নেই, প্রথমজন হিসাবে ট্যাগ করুন!

MARC

LEADER 00000nam a22000007a 4500
008 150423s1998 b acaa| |||| 000 0 por d
020 |a 8532509401 
040 |a CRU CIICLA 
082 |a 306.4  |b P724t 
100 1 |a  Villaca, Nízia 
245 1 0 |a Em nome do corpo /  |c Nízia Villaca, Fred Góes 
260 |a Rio de Janeiro:  |b Rocco,  |c 1998. 
300 |a 224 páginas 
490 1 |a Artemídia 
650 1 4 |a CUERPO HUMANO  |v ENSAYOS 
650 1 4 |a IMAGEN CORPORAL  |v ENSAYOS 
700 1 |a Góes, Fred 
942 |2 ddc  |c BK 
999 |c 4034  |d 4034